ESSENTIALS OF PHARMACOGNOSY (Record no. 5968)

MARC details
000 -LEADER
fixed length control field 00433nam a22001697a 4500
005 - DATE AND TIME OF LATEST TRANSACTION
control field 20230130152320.0
008 - FIXED-LENGTH DATA ELEMENTS--GENERAL INFORMATION
fixed length control field 190910b xxu||||| |||| 00| 0 eng d
020 ## - INTERNATIONAL STANDARD BOOK NUMBER
ISBN 978-81-86270-28-0
041 ## - LANGUAGE CODE
Language code of text/sound track or separate title eng
082 ## - DEWEY DECIMAL CLASSIFICATION NUMBER
Classification number 615
Item number ANS-E
100 ## - MAIN ENTRY--AUTHOR NAME
Personal name ANSARI, DR, S.H.
245 ## - TITLE STATEMENT
Title ESSENTIALS OF PHARMACOGNOSY
260 ## - PUBLICATION, DISTRIBUTION, ETC. (IMPRINT)
Place of publication DELHI
Name of publisher BIRLA PUBLICATIONS PVT. LTD
300 ## - PHYSICAL DESCRIPTION
Number of Pages 784p;
650 ## - SUBJECT ADDED ENTRY--TOPICAL TERM
Topical Term PHARMACY
General subdivision B.PHARMA
942 ## - ADDED ENTRY ELEMENTS (KOHA)
Koha item type Books
Holdings
Lost status Damaged status Collection code Home library Current library Shelving location Date acquired Source of acquisition Cost, normal purchase price Full call number Accession Number Koha item type
    Reference JRU Library JRU Library SHELF-4-E 10/09/2019 PURCHESS 590.00 615 ANS-E 23444 Books
    PHARMACY JRU Library JRU Library Shelf - 25- B 10/09/2019 PURCHESS 590.00 615 ANS-E 23445 Books
    PHARMACY JRU Library JRU Library Shelf - 25- B 10/09/2019 PURCHESS 590.00 615 ANS-E 23446 Books
    PHARMACY JRU Library JRU Library Shelf - 25- B 10/09/2019 PURCHESS 590.00 615 ANS-E 23447 Books
    PHARMACY JRU Library JRU Library Shelf - 25- B 23/01/2023 LOHIA BOOK INTERNATIONAL 690.00 615 ANS-E 27446 Books
    PHARMACY JRU Library JRU Library Shelf - 25- B 23/01/2023 LOHIA BOOK INTERNATIONAL 690.00 615 ANS-E 27447 Books
    PHARMACY JRU Library JRU Library Shelf - 25- B 23/01/2023 LOHIA BOOK INTERNATIONAL 690.00 615 ANS-E 27448 Books
    PHARMACY JRU Library JRU Library Shelf - 25- B 23/01/2023 LOHIA BOOK INTERNATIONAL 690.00 615 ANS-E 27449 Books
    PHARMACY JRU Library JRU Library Shelf - 25- B 23/01/2023 LOHIA BOOK INTERNATIONAL 690.00 615 ANS-E 27450 Books
    PHARMACY JRU Library JRU Library Shelf - 25- B 23/01/2023 LOHIA BOOK INTERNATIONAL 690.00 615 ANS-E 27451 Books
    PHARMACY JRU Library JRU Library Shelf - 25- B 23/01/2023 LOHIA BOOK INTERNATIONAL 690.00 615 ANS-E 27452 Books
    PHARMACY JRU Library JRU Library Shelf - 25- B 23/01/2023 LOHIA BOOK INTERNATIONAL 690.00 615 ANS-E 27453 Books
    PHARMACY JRU Library JRU Library Shelf - 25- B 23/01/2023 LOHIA BOOK INTERNATIONAL 690.00 615 ANS-E 27454 Books
    PHARMACY JRU Library JRU Library Shelf - 25- B 23/01/2023 LOHIA BOOK INTERNATIONAL 690.00 615 ANS-E 27455 Books